[Event "Südlohner SV 1 - SC Gronau 1"]
[Site "Regionalliga, Gr. 2 2022/2023"]
[Date "2022.09.24"]
[Round "2.1"]
[White "Monsma, Menno"]
[Black "Voelker, Christian"]
[Result "1/2-1/2"]
[WhiteElo "2073"]
[BlackElo "2074"]
[PlyCount "41"]
[EventDate "2022.??.??"]
[SourceTitle "Verband Muensterland"]
[SourceDate "2022.09.15"]
[SourceVersion "1"]
[SourceVersionDate "2022.09.15"]
[SourceQuality "1"]
[WhiteTeam "SC Gronau 1"]
[BlackTeam "Südlohner SV 1"]

1. c4 Nc6 2. Nc3 e5 3. g3 Nf6 4. Bg2 Bc5 5. e3 d5 6. Nxd5 Nxd5 7. cxd5 Nb4 8.
a3 Nxd5 9. b4 Bb6 10. Bb2 f6 11. Qh5+ g6 12. Qh6 Be6 13. f4 Qd7 14. fxe5 O-O-O
15. Nf3 Nxe3 16. dxe3 Qd3 17. Bd4 Rxd4 18. exd4 Qc3+ 19. Kf2 Qb2+ 20. Ke3 Qc3+
21. Kf2 1/2-1/2

[Event "Südlohner SV 1 - SC Gronau 1"]
[Site "Regionalliga, Gr. 2 2022/2023"]
[Date "2022.09.24"]
[Round "2.2"]
[White "Engels, Natia"]
[Black "Kamphuis, Jasper"]
[Result "0-1"]
[WhiteElo "2051"]
[BlackElo "2082"]
[PlyCount "84"]
[EventDate "2022.??.??"]
[SourceTitle "Verband Muensterland"]
[SourceDate "2022.09.15"]
[SourceVersion "1"]
[SourceVersionDate "2022.09.15"]
[SourceQuality "1"]
[WhiteTeam "Südlohner SV 1"]
[BlackTeam "SC Gronau 1"]

1. d4 Nf6 2. Nf3 g6 3. c4 Bg7 4. Nc3 O-O 5. e4 d6 6. Be2 e5 7. d5 a5 8. O-O Ne8
9. Ne1 f5 10. f4 Na6 11. Nd3 Nc5 12. Nxc5 dxc5 13. Be3 b6 14. exf5 Bxf5 15. g4
Bd7 16. d6 Bc6 17. d7 Nd6 18. Bf3 e4 19. Bg2 Kh8 20. Qe2 Qxd7 21. Rad1 Rae8 22.
Nd5 Bxd5 23. Rxd5 Qe6 24. Rfd1 Bd4 25. f5 Bxe3+ 26. Qxe3 gxf5 27. g5 Kg8 28.
Qg3 Qg6 29. h4 Qg7 30. Qh3 f4 31. g6 h6 32. h5 f3 33. Bh1 f2+ 34. Kf1 e3 35.
Bf3 Qxb2 36. Be2 Ne4 37. Qd7 Qg7 38. Qxg7+ Kxg7 39. Rd7+ Kf6 40. g7 Rg8 41.
Rxc7 Ng3+ 42. Kg2 Nxe2 0-1

[Event "Südlohner SV 1 - SC Gronau 1"]
[Site "Regionalliga, Gr. 2 2022/2023"]
[Date "2022.09.24"]
[Round "2.3"]
[White "Reckzuegel, Philipp"]
[Black "Kolakovic, Klaudio"]
[Result "1-0"]
[WhiteElo "1938"]
[BlackElo "2066"]
[PlyCount "95"]
[EventDate "2022.??.??"]
[SourceTitle "Verband Muensterland"]
[SourceDate "2022.09.15"]
[SourceVersion "1"]
[SourceVersionDate "2022.09.15"]
[SourceQuality "1"]
[WhiteTeam "SC Gronau 1"]
[BlackTeam "Südlohner SV 1"]

1. d4 Nf6 2. c4 g6 3. Nc3 Bg7 4. Nf3 d6 5. e4 O-O 6. Be2 Nc6 7. O-O e5 8. d5
Nb4 9. a3 Na6 10. b4 Ne8 11. Bb2 h6 12. Nd2 f5 13. f3 f4 14. Nb3 g5 15. c5 Qf6
16. Rc1 h5 17. Nb5 Qg6 18. h3 Bh6 19. Rc3 Bd7 20. cxd6 cxd6 21. Na5 g4 22. hxg4
hxg4 23. fxg4 Bxb5 24. Bxb5 Nf6 25. Nxb7 Nxg4 26. Bxa6 f3 27. Rfxf3 Rxf3 28.
Rxf3 Qh5 29. Rh3 Be3+ 30. Kf1 Rf8+ 31. Ke1 Qg5 32. Rf3 Bf2+ 33. Ke2 Rxf3 34.
gxf3 Qe3+ 35. Kf1 Bg3 36. Qe2 Qf4 37. Nxd6 Ne3+ 38. Kg1 Qg5 39. Bc8 Bf4+ 40.
Bg4 Qh4 41. Nf5 Bh2+ 42. Kh1 Nxf5 43. Bxf5 Bf4+ 44. Kg1 Kf8 45. Bc3 Qg3+ 46.
Qg2 Be3+ 47. Kf1 Qh4 48. Bxe5 1-0

[Event "Südlohner SV 1 - SC Gronau 1"]
[Site "Regionalliga, Gr. 2 2022/2023"]
[Date "2022.09.24"]
[Round "2.4"]
[White "Funke, Reinhard"]
[Black "Hoge, Torsten"]
[Result "1/2-1/2"]
[WhiteElo "2009"]
[BlackElo "1921"]
[PlyCount "87"]
[EventDate "2022.??.??"]
[SourceTitle "Verband Muensterland"]
[SourceDate "2022.09.15"]
[SourceVersion "1"]
[SourceVersionDate "2022.09.15"]
[SourceQuality "1"]
[WhiteTeam "Südlohner SV 1"]
[BlackTeam "SC Gronau 1"]

1. d4 Nf6 2. c4 c5 3. e3 cxd4 4. exd4 g6 5. Nf3 Bg7 6. Be2 O-O 7. O-O b6 8. Nc3
Bb7 9. Qc2 d5 10. b3 Nc6 11. Rd1 Rc8 12. Ba3 Re8 13. Qd2 Ne4 14. Qe3 Nxc3 15.
Qxc3 e5 16. Rab1 Nxd4 17. Nxd4 exd4 18. Qd2 dxc4 19. Bxc4 Re4 20. Re1 Qd7 21.
Rxe4 Bxe4 22. Re1 Re8 23. Rd1 Qg4 24. Bf1 Bb7 25. Re1 Rxe1 26. Qxe1 Qe4 27. Qd1
h5 28. Bc1 Be5 29. Qd3 Qxd3 30. Bxd3 Kg7 31. f4 Bf6 32. Kf2 Kf8 33. f5 gxf5 34.
Bxf5 Be5 35. g3 Ke7 36. Bg5+ Kd6 37. Bd3 Bc8 38. Bc1 Bg4 39. Ba3+ Ke6 40. Bf8
Kf6 41. Ke1 Bf3 42. Kf2 Bd1 43. Ke1 Bg4 44. Kf2 1/2-1/2

[Event "Südlohner SV 1 - SC Gronau 1"]
[Site "Regionalliga, Gr. 2 2022/2023"]
[Date "2022.09.24"]
[Round "2.5"]
[White "Langendijk, Andre"]
[Black "Doennebrink, Elmar"]
[Result "1-0"]
[WhiteElo "1884"]
[BlackElo "2025"]
[PlyCount "71"]
[EventDate "2022.??.??"]
[SourceTitle "Verband Muensterland"]
[SourceDate "2022.09.15"]
[SourceVersion "1"]
[SourceVersionDate "2022.09.15"]
[SourceQuality "1"]
[WhiteTeam "SC Gronau 1"]
[BlackTeam "Südlohner SV 1"]

1. c4 Nf6 2. g3 g6 3. Bg2 Bg7 4. Nf3 O-O 5. O-O c5 6. Nc3 Nc6 7. d3 d6 8. Bg5
Bd7 9. Qd2 Re8 10. Nd5 Nxd5 11. cxd5 Ne5 12. Rab1 b5 13. h4 Nxf3+ 14. Bxf3 b4
15. h5 Qa5 16. Ra1 Qb5 17. Kg2 Rac8 18. Rh1 c4 19. dxc4 Rxc4 20. Rac1 Rd4 21.
Qe3 Bg4 22. Rc7 Bxf3+ 23. exf3 Rxd5 24. Rxe7 Re5 25. Rxe8+ Qxe8 26. Qd2 Qb5 27.
Bf4 Rd5 28. Qc2 Rc5 29. Qe4 d5 30. Qe7 Rc8 31. hxg6 hxg6 32. Qh4 Qd7 33. Qh7+
Kf8 34. Bh6 Bxh6 35. Qxh6+ Ke7 36. Qh4+ 1-0

[Event "Südlohner SV 1 - SC Gronau 1"]
[Site "Regionalliga, Gr. 2 2022/2023"]
[Date "2022.09.24"]
[Round "2.6"]
[White "Hater, Wolfgang"]
[Black "Rothkegel, Juergen"]
[Result "1-0"]
[WhiteElo "2016"]
[BlackElo "1887"]
[PlyCount "119"]
[EventDate "2022.??.??"]
[SourceTitle "Verband Muensterland"]
[SourceDate "2022.09.15"]
[SourceVersion "1"]
[SourceVersionDate "2022.09.15"]
[SourceQuality "1"]
[WhiteTeam "Südlohner SV 1"]
[BlackTeam "SC Gronau 1"]

1. e4 c5 2. Nf3 d6 3. Be2 Nc6 4. c3 Nf6 5. d3 e6 6. a3 a5 7. a4 Be7 8. Nbd2 Qc7
9. O-O O-O 10. Nc4 d5 11. exd5 exd5 12. Ne3 d4 13. Nc4 Nd5 14. Qb3 Be6 15. Re1
h6 16. Nfd2 Nf4 17. Bf1 dxc3 18. bxc3 Rad8 19. Re3 Nd5 20. Re1 Nf4 21. Qc2 Rd7
22. Ne4 Rfd8 23. Bxf4 Qxf4 24. Nb6 Rc7 25. Rad1 Ne5 26. Ng3 Ng6 27. Nc4 Bxc4
28. dxc4 Rxd1 29. Qxd1 Nf8 30. Re4 Qf6 31. Re3 Rd7 32. Qc2 Ne6 33. Nf5 Bf8 34.
g3 Rd8 35. Rd3 Rxd3 36. Bxd3 g6 37. Ne3 Nc7 38. h4 Qd6 39. h5 Kg7 40. Qe2 Qf6
41. hxg6 fxg6 42. Ng4 Qe6 43. Qf3 Bd6 44. Be4 b6 45. Kg2 h5 46. Ne3 Qf6 47. Qd1
Qe6 48. Qd3 Qf6 49. Bxg6 Qxg6 50. Qxd6 Qxd6 51. Nf5+ Kf6 52. Nxd6 Ke5 53. Nc8
Ke4 54. Nxb6 Kd3 55. f4 Ne8 56. Kf3 Nf6 57. f5 Kxc3 58. Nd5+ Kxc4 59. Nxf6 Kb4
60. Ne4 1-0

[Event "Südlohner SV 1 - SC Gronau 1"]
[Site "Regionalliga, Gr. 2 2022/2023"]
[Date "2022.09.24"]
[Round "2.7"]
[White "Reinhold, Klaus"]
[Black "Loesing, Henrik"]
[Result "0-1"]
[WhiteElo "1813"]
[BlackElo "1941"]
[PlyCount "86"]
[EventDate "2022.??.??"]
[SourceTitle "Verband Muensterland"]
[SourceDate "2022.09.15"]
[SourceVersion "1"]
[SourceVersionDate "2022.09.15"]
[SourceQuality "1"]
[WhiteTeam "SC Gronau 1"]
[BlackTeam "Südlohner SV 1"]

1. d4 Nf6 2. c4 g6 3. Nc3 Bg7 4. e4 d6 5. Nf3 O-O 6. Be2 e5 7. O-O Nc6 8. Be3
Ng4 9. Bg5 f6 10. Bc1 f5 11. Bg5 Nf6 12. dxe5 dxe5 13. Qxd8 Nxd8 14. Bxf6 Bxf6
15. Nd5 fxe4 16. Nxf6+ Rxf6 17. Nxe5 Nf7 18. Nxf7 Kxf7 19. Rad1 Rd6 20. Rxd6
cxd6 21. Rd1 Ke6 22. Rd4 Ke5 23. Rd5+ Ke6 24. Kf1 b6 25. Bg4+ Ke7 26. Bxc8 Rxc8
27. Rd4 d5 28. cxd5 Rc2 29. Rxe4+ Kd7 30. Ra4 a5 31. Ke1 Rxb2 32. Ra3 Kd6 33.
g4 Kxd5 34. h4 Ke4 35. h5 Kf4 36. hxg6 hxg6 37. f3 g5 38. Kf1 b5 39. Ke1 a4 40.
Kf1 b4 41. Rd3 b3 42. axb3 a3 43. b4 a2 0-1

[Event "Südlohner SV 1 - SC Gronau 1"]
[Site "Regionalliga, Gr. 2 2022/2023"]
[Date "2022.09.24"]
[Round "2.8"]
[White "Wittek, Felix"]
[Black "Baer, Klaus"]
[Result "0-1"]
[WhiteElo "1586"]
[BlackElo "1680"]
[PlyCount "80"]
[EventDate "2022.??.??"]
[SourceTitle "Verband Muensterland"]
[SourceDate "2022.09.15"]
[SourceVersion "1"]
[SourceVersionDate "2022.09.15"]
[SourceQuality "1"]
[WhiteTeam "Südlohner SV 1"]
[BlackTeam "SC Gronau 1"]

1. e4 d6 2. d4 Nf6 3. Nc3 c6 4. Nf3 Bg4 5. Be2 Qa5 6. Bd2 Qc7 7. O-O e5 8. dxe5
dxe5 9. Bg5 Nbd7 10. Qd2 Bb4 11. Nb5 Qa5 12. c3 Be7 13. Bxf6 Nxf6 14. b4 Qd8
15. Qxd8+ Rxd8 16. Nxa7 Nxe4 17. Rfc1 Ra8 18. Nb5 cxb5 19. Bxb5+ Kf8 20. Nxe5
Be6 21. a4 Bg5 22. Rc2 Bf5 23. Bd3 Nd6 24. Bxf5 Nxf5 25. Re2 Rd8 26. b5 Bf6 27.
Rae1 g6 28. a5 Bxe5 29. Rxe5 Kg7 30. g4 Nh4 31. R5e3 Ra8 32. Ra1 Rhc8 33. Kf1
Rc5 34. c4 Rxc4 35. Re7 b6 36. a6 Rc5 37. a7 Rxb5 38. Rb7 Ra5 39. Rb1 R5xa7 40.
R7xb6 Ra1 0-1

[Event "SG Turm Raesfeld/Erle 1 - SK Dülmen 1"]
[Site "Regionalliga, Gr. 2 2022/2023"]
[Date "2022.09.24"]
[Round "2.1"]
[White "Eiersbrock, Robin"]
[Black "Wilger, Frank"]
[Result "1/2-1/2"]
[WhiteElo "2068"]
[BlackElo "2099"]
[PlyCount "112"]
[EventDate "2022.??.??"]
[SourceTitle "Verband Muensterland"]
[SourceDate "2022.09.15"]
[SourceVersion "1"]
[SourceVersionDate "2022.09.15"]
[SourceQuality "1"]
[WhiteTeam "SK Dülmen 1"]
[BlackTeam "SG Turm Raesfeld/Erle 1"]

1. d4 Nf6 2. c4 e6 3. Nf3 b6 4. e3 Bb7 5. Bd3 Be7 6. Nc3 d5 7. O-O O-O 8. cxd5
exd5 9. b3 Nbd7 10. Bb2 Re8 11. Rc1 h6 12. Bb1 a6 13. Nh4 Ne4 14. Nf5 Ndf6 15.
Nxe7+ Qxe7 16. Ne2 Rac8 17. Nf4 a5 18. Nd3 Ba6 19. f3 Nd6 20. Re1 Nd7 21. Ne5
Nf8 22. Ba3 Bb5 23. e4 dxe4 24. fxe4 f6 25. Nc4 Bxc4 26. bxc4 c5 27. e5 fxe5
28. Rxe5 Qf7 29. Qd3 Rxe5 30. dxe5 Ne8 31. Rf1 Qe7 32. Qd5+ Ne6 33. Qe4 Nf8 34.
Qd5+ Ne6 35. Bf5 N8c7 36. Qd6 Qe8 37. Qxb6 Rb8 38. Qd6 Rd8 39. Qb6 Rb8 40. Qa7
Ra8 41. Qb7 Rb8 42. Qe4 Rd8 43. Bh7+ Kh8 44. Bg6 Qe7 45. Qc6 Qg5 46. Qe4 Qe7
47. Bc1 Rd4 48. Qb7 Rd8 49. Be3 Nf8 50. Bc2 Qxe5 51. Qf3 Nce6 52. h3 Qd6 53.
Qe4 Kg8 54. Kh1 Nd4 55. Bf4 Qc6 56. Bb1 Qxe4 1/2-1/2

[Event "SG Turm Raesfeld/Erle 1 - SK Dülmen 1"]
[Site "Regionalliga, Gr. 2 2022/2023"]
[Date "2022.09.24"]
[Round "2.3"]
[White "Loedding, Detlef"]
[Black "Hoffmann, Fabian"]
[Result "0-1"]
[WhiteElo "1916"]
[BlackElo "2043"]
[PlyCount "82"]
[EventDate "2022.??.??"]
[SourceTitle "Verband Muensterland"]
[SourceDate "2022.09.15"]
[SourceVersion "1"]
[SourceVersionDate "2022.09.15"]
[SourceQuality "1"]
[WhiteTeam "SK Dülmen 1"]
[BlackTeam "SG Turm Raesfeld/Erle 1"]

1. g3 d5 2. Nf3 Nf6 3. Bg2 h5 4. d4 Bf5 5. c4 e6 6. Nc3 c6 7. Qb3 Qb6 8. Bg5
dxc4 9. Qxb6 axb6 10. Bxf6 gxf6 11. O-O Bb4 12. Nh4 Bxc3 13. bxc3 Bh7 14. f4
Ra3 15. f5 Ke7 16. Rf3 Nd7 17. Re3 Kd6 18. Bh3 e5 19. Rd1 Kc7 20. Nf3 Re8 21.
Rd2 b5 22. d5 Nb6 23. d6+ Kd7 24. Re4 Rxc3 25. Ne1 Rc1 26. Kf2 Nd5 27. Rh4 e4
28. e3 Nxe3 29. Rxh5 Bg8 30. Re2 Nd5 31. Ng2 b4 32. Ne3 b3 33. axb3 cxb3 34.
Rh6 Nxe3 35. Kxe3 c5 36. Bg2 Rc3+ 37. Kf4 Rc2 38. Rxe4 Rxg2 39. Rxe8 Kxe8 40.
Rh8 Kd7 41. Rxg8 b2 0-1

[Event "SG Turm Raesfeld/Erle 1 - SK Dülmen 1"]
[Site "Regionalliga, Gr. 2 2022/2023"]
[Date "2022.09.24"]
[Round "2.4"]
[White "Gesing, Felix"]
[Black "Rebber, Christian"]
[Result "1-0"]
[WhiteElo "2034"]
[BlackElo "1867"]
[PlyCount "69"]
[EventDate "2022.??.??"]
[SourceTitle "Verband Muensterland"]
[SourceDate "2022.09.15"]
[SourceVersion "1"]
[SourceVersionDate "2022.09.15"]
[SourceQuality "1"]
[WhiteTeam "SG Turm Raesfeld/Erle 1"]
[BlackTeam "SK Dülmen 1"]

1. e4 c5 2. Nf3 Nc6 3. d3 d6 4. g3 g6 5. Bg2 Bg7 6. O-O Nf6 7. Re1 O-O 8. c3 a6
9. h3 h6 10. d4 cxd4 11. cxd4 Nd7 12. Nc3 Rb8 13. a4 b5 14. axb5 axb5 15. d5
Nce5 16. Nd4 b4 17. Ncb5 Bb7 18. f4 Nc4 19. Bf1 Rc8 20. b3 Na3 21. Be3 Nxb5 22.
Bxb5 Nc5 23. Bf2 Qb6 24. Bc4 Kh7 25. h4 Ra8 26. Rxa8 Rxa8 27. h5 Ra2 28. Re2
Qa5 29. hxg6+ fxg6 30. Nc2 Ba6 31. Bxa6 Qxa6 32. Re1 Nd3 33. Rf1 Nxf2 34. Rxf2
Qb6 35. Kg2 1-0

[Event "SG Turm Raesfeld/Erle 1 - SK Dülmen 1"]
[Site "Regionalliga, Gr. 2 2022/2023"]
[Date "2022.09.24"]
[Round "2.5"]
[White "Eiersbrock, Marko"]
[Black "Beckmann, Klaus"]
[Result "1-0"]
[WhiteElo "1802"]
[BlackElo "2060"]
[PlyCount "83"]
[EventDate "2022.??.??"]
[SourceTitle "Verband Muensterland"]
[SourceDate "2022.09.15"]
[SourceVersion "1"]
[SourceVersionDate "2022.09.15"]
[SourceQuality "1"]
[WhiteTeam "SK Dülmen 1"]
[BlackTeam "SG Turm Raesfeld/Erle 1"]

1. d4 Nf6 2. Nf3 e6 3. g3 d5 4. Bg2 Be7 5. O-O O-O 6. b3 c5 7. c4 Nc6 8. Bb2 a6
9. Qc2 b6 10. Nbd2 Bb7 11. cxd5 exd5 12. Rac1 Rc8 13. Bh3 Rc7 14. e3 Bd6 15.
Qb1 Re8 16. Rfd1 Qe7 17. dxc5 bxc5 18. Qf5 d4 19. exd4 Bc8 20. Qg5 Bxh3 21.
dxc5 Be5 22. Re1 Nd7 23. Qh5 Qe6 24. Ng5 Qf5 25. Qxh3 Qxg5 26. f4 Bxf4 27.
Rxe8+ Nf8 28. Nf3 Be3+ 29. Kg2 Qd5 30. Rxe3 Ne6 31. Qg4 Re7 32. Qc4 Qh5 33.
Rce1 Qg6 34. Ne5 Nxe5 35. Bxe5 Nd8 36. Qd3 Qc6+ 37. Kg1 Rd7 38. Bd6 Ne6 39. Qe4
Qc8 40. Qd5 h6 41. b4 Rd8 42. Rxe6 1-0

[Event "SG Turm Raesfeld/Erle 1 - SK Dülmen 1"]
[Site "Regionalliga, Gr. 2 2022/2023"]
[Date "2022.09.24"]
[Round "2.6"]
[White "Broemmel, Rudolf"]
[Black "Gehlen, Horst"]
[Result "1-0"]
[WhiteElo "1940"]
[BlackElo "1717"]
[PlyCount "67"]
[EventDate "2022.??.??"]
[SourceTitle "Verband Muensterland"]
[SourceDate "2022.09.15"]
[SourceVersion "1"]
[SourceVersionDate "2022.09.15"]
[SourceQuality "1"]
[WhiteTeam "SG Turm Raesfeld/Erle 1"]
[BlackTeam "SK Dülmen 1"]

1. Nc3 d5 2. e4 dxe4 3. Nxe4 e5 4. Bc4 Nf6 5. Ng5 Nd5 6. d4 Bb4+ 7. Kf1 O-O 8.
dxe5 c6 9. Qh5 h6 10. Bd3 f5 11. h4 Qe8 12. Qxe8 Rxe8 13. N5f3 Nd7 14. a3 Bc5
15. c4 Ne7 16. h5 Nf8 17. b4 Bb6 18. Bb2 c5 19. b5 Be6 20. Ne2 Rad8 21. Nf4 Rd7
22. Be2 Red8 23. Bc3 Bf7 24. Nh4 Ne6 25. Nxe6 Bxe6 26. f4 Kh7 27. Kf2 g5 28.
hxg6+ Nxg6 29. g3 Rg8 30. Ng2 Kg7 31. Ne3 Ne7 32. Rad1 Rgd8 33. Rd6 Kf7 34.
Bh5+ 1-0

[Event "SG Turm Raesfeld/Erle 1 - SK Dülmen 1"]
[Site "Regionalliga, Gr. 2 2022/2023"]
[Date "2022.09.24"]
[Round "2.7"]
[White "Stegemann, Norbert"]
[Black "Bergemann, Martin"]
[Result "1/2-1/2"]
[WhiteElo "1839"]
[BlackElo "1903"]
[PlyCount "36"]
[EventDate "2022.??.??"]
[SourceTitle "Verband Muensterland"]
[SourceDate "2022.09.15"]
[SourceVersion "1"]
[SourceVersionDate "2022.09.15"]
[SourceQuality "1"]
[WhiteTeam "SK Dülmen 1"]
[BlackTeam "SG Turm Raesfeld/Erle 1"]

1. c4 g6 2. g3 Bg7 3. Bg2 c5 4. Nc3 Nc6 5. e3 Nh6 6. Nge2 Nf5 7. O-O O-O 8. b3
b6 9. Bb2 Bb7 10. d3 d6 11. Qd2 Qd7 12. Rad1 e6 13. Ne4 d5 14. Nf6+ Bxf6 15.
Bxf6 Ng7 16. Bb2 f6 17. d4 dxc4 18. bxc4 cxd4 1/2-1/2

[Event "SG Turm Raesfeld/Erle 1 - SK Dülmen 1"]
[Site "Regionalliga, Gr. 2 2022/2023"]
[Date "2022.09.24"]
[Round "2.8"]
[White "Spyrou, Elias"]
[Black "Ulunque Villazon, Humberto"]
[Result "1-0"]
[WhiteElo "1712"]
[BlackElo "1618"]
[PlyCount "43"]
[EventDate "2022.??.??"]
[SourceTitle "Verband Muensterland"]
[SourceDate "2022.09.15"]
[SourceVersion "1"]
[SourceVersionDate "2022.09.15"]
[SourceQuality "1"]
[WhiteTeam "SG Turm Raesfeld/Erle 1"]
[BlackTeam "SK Dülmen 1"]

1. e4 c5 2. Nf3 d6 3. d4 cxd4 4. Nxd4 g6 5. Nc3 Bg7 6. Be3 Nf6 7. f3 h5 8. Qd2
O-O 9. O-O-O Nc6 10. Be2 Ne5 11. h3 Be6 12. g4 Rc8 13. Kb1 a6 14. g5 Nfd7 15.
f4 Nc4 16. Bxc4 Bxc4 17. f5 Ne5 18. b3 Qa5 19. Nd5 Qxd2 20. Nxe7+ Kh8 21. Rxd2
Rc7 22. f6 1-0

[Event "TV Borken 1 - SG Turm Raesfeld/Erle 2"]
[Site "Regionalliga, Gr. 2 2022/2023"]
[Date "2022.09.24"]
[Round "2.1"]
[White "Pliete, Christian"]
[Black "Schulze Schwering, Philipp"]
[Result "1/2-1/2"]
[WhiteElo "1876"]
[BlackElo "2037"]
[PlyCount "119"]
[EventDate "2022.??.??"]
[SourceTitle "Verband Muensterland"]
[SourceDate "2022.09.15"]
[SourceVersion "1"]
[SourceVersionDate "2022.09.15"]
[SourceQuality "1"]
[WhiteTeam "SG Turm Raesfeld/Erle 2"]
[BlackTeam "TV Borken 1"]

1. e4 c6 2. d4 d5 3. exd5 cxd5 4. Bd3 Nc6 5. c3 Nf6 6. h3 e6 7. Nf3 Qc7 8. O-O
Bd6 9. Re1 h6 10. Nbd2 O-O 11. Nf1 Re8 12. Ne3 e5 13. dxe5 Nxe5 14. Nd4 Nxd3
15. Qxd3 a6 16. Bd2 Be6 17. Nf1 Rad8 18. Re2 Bd7 19. Rae1 Qc4 20. Qxc4 dxc4 21.
Rxe8+ Rxe8 22. Rxe8+ Bxe8 23. Ne3 b5 24. Nef5 Bc7 25. Kf1 Nd5 26. Ke2 Nf4+ 27.
Bxf4 Bxf4 28. Ne3 g6 29. g3 Be5 30. Nd5 Kf8 31. Ke3 Bd7 32. h4 Bd6 33. Nf6 Bc8
34. Ne4 Bc7 35. Nd2 Ke7 36. Ne4 Bb6 37. Nd2 Bb7 38. Ne4 f5 39. Nd2 Kd6 40. Ke2
Bc5 41. Nc2 Bd5 42. Ne3 Ke5 43. Nxd5 Kxd5 44. f3 Be7 45. f4 Bf6 46. Nb1 b4 47.
Ke3 a5 48. a4 Be7 49. Kf3 h5 50. Ke3 Bd6 51. Kf3 Bc5 52. Nd2 bxc3 53. bxc3 Ba3
54. Ke2 Bb2 55. Nb1 Bc1 56. Kf3 Kd6 57. Ke2 Kc6 58. Kf2 Kc5 59. Ke2 Bb2 60. Kd2
1/2-1/2

[Event "TV Borken 1 - SG Turm Raesfeld/Erle 2"]
[Site "Regionalliga, Gr. 2 2022/2023"]
[Date "2022.09.24"]
[Round "2.2"]
[White "Schroer, Klaus"]
[Black "Greifenberg, Daniel"]
[Result "1/2-1/2"]
[WhiteElo "1982"]
[BlackElo "2080"]
[PlyCount "61"]
[EventDate "2022.??.??"]
[SourceTitle "Verband Muensterland"]
[SourceDate "2022.09.15"]
[SourceVersion "1"]
[SourceVersionDate "2022.09.15"]
[SourceQuality "1"]
[WhiteTeam "TV Borken 1"]
[BlackTeam "SG Turm Raesfeld/Erle 2"]

1. d4 Nf6 2. Bf4 d5 3. e3 e6 4. Nf3 Be7 5. h3 O-O 6. Bd3 c5 7. c3 b6 8. Ne5 Ne4
9. Nd2 Bb7 10. Qe2 f6 11. Ng4 Bd6 12. Rd1 Nxd2 13. Rxd2 cxd4 14. Bxd6 dxc3 15.
Bxf8 cxd2+ 16. Qxd2 Qxf8 17. Qc2 h5 18. Bh7+ Kh8 19. Qg6 Qb4+ 20. Kf1 Qe4 21.
Qe8+ Kxh7 22. Qxh5+ Kg8 23. Qe8+ Kh7 24. Nxf6+ gxf6 25. Qf7+ Kh6 26. Qf8+ Kh7
27. Qf7+ Kh6 28. Qf8+ Kg6 29. Qg8+ Kh6 30. Qf8+ Kg6 31. Qg8+ 1/2-1/2

[Event "TV Borken 1 - SG Turm Raesfeld/Erle 2"]
[Site "Regionalliga, Gr. 2 2022/2023"]
[Date "2022.09.24"]
[Round "2.3"]
[White "Tuente, Marcel"]
[Black "Beckmann, David"]
[Result "1-0"]
[WhiteElo "1845"]
[BlackElo "2019"]
[PlyCount "81"]
[EventDate "2022.??.??"]
[SourceTitle "Verband Muensterland"]
[SourceDate "2022.09.15"]
[SourceVersion "1"]
[SourceVersionDate "2022.09.15"]
[SourceQuality "1"]
[WhiteTeam "SG Turm Raesfeld/Erle 2"]
[BlackTeam "TV Borken 1"]

1. e4 e6 2. d4 d5 3. e5 c5 4. c3 Nc6 5. Nf3 Bd7 6. Bd3 Qb6 7. O-O cxd4 8. Re1
Nge7 9. h4 h6 10. Nbd2 Nf5 11. Nb3 Be7 12. h5 Rc8 13. Rb1 Na5 14. Nbxd4 Nxd4
15. Nxd4 Nc6 16. Qg4 Kf8 17. Nf3 Bc5 18. Qg3 Ne7 19. b4 Nf5 20. bxc5 Qxb1 21.
Bxb1 Nxg3 22. fxg3 Ke8 23. Ba3 Bb5 24. Bc2 Bc4 25. Rb1 Rc7 26. c6 b5 27. Nd4 a6
28. Bb3 Bd3 29. Rd1 Be4 30. Bd6 Rc8 31. a4 f6 32. axb5 axb5 33. Ra1 fxe5 34.
Bxe5 Rf8 35. c7 Kd7 36. Ra6 Bd3 37. Rxe6 Rf1+ 38. Kh2 Be4 39. Rd6+ Ke7 40. Nc6+
Kf7 41. Rd8 1-0

[Event "TV Borken 1 - SG Turm Raesfeld/Erle 2"]
[Site "Regionalliga, Gr. 2 2022/2023"]
[Date "2022.09.24"]
[Round "2.4"]
[White "Vijayakumaran, Vithoosan"]
[Black "Terhart, Juergen"]
[Result "0-1"]
[WhiteElo "1791"]
[BlackElo "1816"]
[PlyCount "72"]
[EventDate "2022.??.??"]
[SourceTitle "Verband Muensterland"]
[SourceDate "2022.09.15"]
[SourceVersion "1"]
[SourceVersionDate "2022.09.15"]
[SourceQuality "1"]
[WhiteTeam "TV Borken 1"]
[BlackTeam "SG Turm Raesfeld/Erle 2"]

1. c4 c6 2. g3 d5 3. cxd5 cxd5 4. d4 Bf5 5. Nf3 Nc6 6. a3 e6 7. Nc3 Bd6 8. Bg2
Nf6 9. O-O O-O 10. Nh4 Bg4 11. Qd3 Qb6 12. Rd1 Bh5 13. h3 Nd7 14. g4 Qd8 15.
Nf3 Bg6 16. Qd2 Na5 17. Qe1 Nb3 18. Bd2 Nxa1 19. Rxa1 Rc8 20. e4 dxe4 21. Nxe4
Be7 22. Nc3 Nb6 23. Ne5 Nd5 24. Nxg6 hxg6 25. Nxd5 exd5 26. Qe5 Bf6 27. Qxd5
Qxd5 28. Bxd5 Bxd4 29. Bxb7 Rb8 30. Be4 Rxb2 31. Rd1 Bc5 32. Be3 Bxe3 33. fxe3
Re8 34. Rd4 Rc8 35. Rd1 Ra2 36. Bd5 Rxa3 0-1

[Event "TV Borken 1 - SG Turm Raesfeld/Erle 2"]
[Site "Regionalliga, Gr. 2 2022/2023"]
[Date "2022.09.24"]
[Round "2.5"]
[White "Broemmel, Chris"]
[Black "Farwick, Christian"]
[Result "1/2-1/2"]
[WhiteElo "1826"]
[BlackElo "1905"]
[PlyCount "63"]
[EventDate "2022.??.??"]
[SourceTitle "Verband Muensterland"]
[SourceDate "2022.09.15"]
[SourceVersion "1"]
[SourceVersionDate "2022.09.15"]
[SourceQuality "1"]
[WhiteTeam "SG Turm Raesfeld/Erle 2"]
[BlackTeam "TV Borken 1"]

1. e4 c5 2. Nf3 e6 3. c3 Be7 4. d4 cxd4 5. cxd4 d6 6. Bc4 Nf6 7. Nc3 O-O 8. O-O
Bd7 9. Qb3 Nc6 10. Bd3 Qb8 11. Bf4 Rd8 12. d5 Ne5 13. Bxe5 dxe5 14. Bc4 b5 15.
Nxb5 Nxe4 16. dxe6 Nc5 17. exf7+ Kh8 18. Qe3 Bxb5 19. Bxb5 Qxb5 20. Nxe5 Nd7
21. Ng6+ hxg6 22. Qxe7 Qe5 23. Qh4+ Qh5 24. Qe7 Nf6 25. Rfe1 Qd5 26. Rad1 Qa5
27. Rxd8+ Qxd8 28. Qe6 Qc8 29. Qb3 Qd7 30. Re3 Rf8 31. Rh3+ Nh7 32. Rg3 1/2-1/2

[Event "TV Borken 1 - SG Turm Raesfeld/Erle 2"]
[Site "Regionalliga, Gr. 2 2022/2023"]
[Date "2022.09.24"]
[Round "2.6"]
[White "Boldrick, Marcel"]
[Black "Fasselt, Hendrik"]
[Result "1/2-1/2"]
[WhiteElo "1703"]
[BlackElo "1830"]
[PlyCount "89"]
[EventDate "2022.??.??"]
[SourceTitle "Verband Muensterland"]
[SourceDate "2022.09.15"]
[SourceVersion "1"]
[SourceVersionDate "2022.09.15"]
[SourceQuality "1"]
[WhiteTeam "TV Borken 1"]
[BlackTeam "SG Turm Raesfeld/Erle 2"]

1. e4 d5 2. exd5 Qxd5 3. Nc3 Qd8 4. Nf3 Bg4 5. h3 Bxf3 6. Qxf3 c6 7. Bc4 e6 8.
d3 Nf6 9. O-O Be7 10. Re1 O-O 11. a4 Nbd7 12. a5 a6 13. Bd2 Qc7 14. Na4 Rac8
15. Qe3 Nd5 16. Bxd5 cxd5 17. b4 Bf6 18. c3 Rfd8 19. Qe2 Qd6 20. Ra2 Rc7 21. c4
Rdc8 22. c5 Qc6 23. Nb6 Re8 24. Qh5 Nxb6 25. axb6 Rce7 26. Bg5 Bxg5 27. Qxg5
Qb5 28. Qd2 h6 29. Ra5 Qc6 30. Qa2 e5 31. Qa4 Re6 32. Qxc6 Rxc6 33. Ra2 f6 34.
f3 Kf7 35. Kf2 Ree6 36. Ra3 Re7 37. Ra2 Ke8 38. Ke3 Kd7 39. Kd2 Rce6 40. Kc3
Kc6 41. Rae2 Kb5 42. Ra2 Re8 43. Ra5+ Kc6 44. Ra2 Kb5 45. Ra5+ 1/2-1/2